Poisťovníctvo
Uložené v:
| Hlavný autor: | |
|---|---|
| Korporativný autor: | |
| Ďalší autori: | , , , , |
| Médium: | Kniha |
| Jazyk: | Slovak |
| Vydavateľské údaje: |
Bratislava
Iura Edition
2009
|
| Edícia: | Ekonómia
|
| Predmet: | |
| Tagy: |
Žiadne tagy, Buďte prvý, kto otaguje tento záznam!
|
MARC
| LEADER | 00000nam$a2200000$$$4500 | ||
|---|---|---|---|
| 001 | 0100692 | ||
| 005 | 20240502072112.4 | ||
| 020 | |a 978-80-8078-260-3 | ||
| 041 | 0 | |a slo | |
| 044 | |a SK | ||
| 245 | 1 | 0 | |a Poisťovníctvo |c Anna Majtánová a kolektív |
| 264 | 1 | |a Bratislava |b Iura Edition |c 2009 | |
| 300 | |a 322 s. | ||
| 490 | 1 | |a Ekonómia | |
| 830 | 0 | |a Ekonómia | |
| 610 | 2 | 0 | |a poisťovníctvo |
| 610 | 2 | 0 | |a trh poistný |
| 610 | 2 | 0 | |a poistenie životné |
| 610 | 2 | 0 | |a poistenie neživotné |
| 610 | 2 | 0 | |a poisťovne |
| 610 | 2 | 0 | |a zaistenie |
| 100 | 1 | |a Majtánová, Anna | |
| 700 | 1 | |a Krátka, Zuzana, 1968- | |
| 700 | 1 | |a Littvová, Zuzana | |
| 700 | 1 | |a Vachálková, Ingrid | |
| 700 | 1 | |a Kafková, Eva | |
| 700 | 1 | |a Ondroušková, Katarína | |
| 710 | 2 | |a Ekonomická univerzita v Bratislave | |